Online katalóg knižníc regiónu Turca

Zarecituj si básničku (Record no. 21360)

MARC details
000 -LEADER
fixed length control field 01823nam a2200541 a 4500
001 - CONTROL NUMBER
control field 21360
003 - CONTROL NUMBER IDENTIFIER
control field VRT
005 - DATE AND TIME OF LATEST TRANSACTION
control field 20260227151944.0
008 - FIXED-LENGTH DATA ELEMENTS--GENERAL INFORMATION
fixed length control field 240313s2010 xo a b 000 p slo
015 ## - NATIONAL BIBLIOGRAPHY NUMBER
National bibliography number SNBA2010/04-02399
020 ## - INTERNATIONAL STANDARD BOOK NUMBER
International Standard Book Number 9788080643669
Qualifying information (viaz.)
035 ## - SYSTEM CONTROL NUMBER
System control number F82F5675-B856-4199-99C0-DFDFA2B25680
035 ## - SYSTEM CONTROL NUMBER
System control number urn:nbn:sk:snk-amka3b
035 ## - SYSTEM CONTROL NUMBER
System control number urn:nbn:sk:snk-am008jea
039 #9 - LEVEL OF BIBLIOGRAPHIC CONTROL AND CODING DETAIL [OBSOLETE]
Level of rules in bibliographic description 202403131513
Level of effort used to assign nonsubject heading access points VLOAD
Level of effort used to assign subject headings 202309081022
Level of effort used to assign classification msnk170
Level of effort used to assign subject headings 201807301452
Level of effort used to assign classification VLOAD
Level of effort used to assign subject headings 201602082107
Level of effort used to assign classification VLOAD
040 ## - CATALOGING SOURCE
Original cataloging agency SVKBB
Language of cataloging slo
Transcribing agency SVKBB
Modifying agency SNK
-- TTKJF
-- TOTK
Description conventions AACR2
041 0# - LANGUAGE CODE
Language code of text/sound track or separate title slo
044 ## - COUNTRY OF PUBLISHING/PRODUCING ENTITY CODE
MARC country code xo
ISO country code SK
072 #7 - SUBJECT CATEGORY CODE
Subject category code 821.162.4-1
Subject category code subdivision Slovenská poézia
Source konspekt
072 #7 - SUBJECT CATEGORY CODE
Subject category code 821-93
Subject category code subdivision Literatúra pre deti a mládež
Source konspekt
080 ## - UNIVERSAL DECIMAL CLASSIFICATION NUMBER
Universal Decimal Classification number 821.162.4-1
Edition identifier 2001
080 ## - UNIVERSAL DECIMAL CLASSIFICATION NUMBER
Universal Decimal Classification number 821-93
Edition identifier 2001
100 1# - MAIN ENTRY--PERSONAL NAME
Personal name Nagaj, Ondrej,
Dates associated with a name 1940-
Relationship aut
245 10 - TITLE STATEMENT
Title Zarecituj si básničku
Remainder of title výber najkrajších básničiek aj na recitačné súťaže
Statement of responsibility, etc. Ondrej Nagaj ; ilustroval Igor Cvacho
260 ## - PUBLICATION, DISTRIBUTION, ETC.
Place of publication, distribution, etc. Žilina
Name of publisher, distributor, etc. Knižné centrum
Date of publication, distribution, etc. 2010
300 ## - PHYSICAL DESCRIPTION
Extent 31 s.
Other physical details fareb. ilustr.
Dimensions 25 cm
655 #7 - INDEX TERM--GENRE/FORM
Genre/form data or focus term slovenská poézia
Source of term SNKPH
655 #7 - INDEX TERM--GENRE/FORM
Genre/form data or focus term publikácie pre deti
Source of term SNKPH
700 1# - ADDED ENTRY--PERSONAL NAME
Personal name Cvacho, Igor,
Dates associated with a name 1961-
Relationship ill
910 ## - USER-OPTION DATA (OCLC)
User-option data ttkjf
910 ## - USER-OPTION DATA (OCLC)
User-option data snk
910 ## - USER-OPTION DATA (OCLC)
User-option data totk
910 ## - USER-OPTION DATA (OCLC)
User-option data skpk
910 ## - USER-OPTION DATA (OCLC)
User-option data pppk
910 ## - USER-OPTION DATA (OCLC)
User-option data vthk
910 ## - USER-OPTION DATA (OCLC)
User-option data sllk
910 ## - USER-OPTION DATA (OCLC)
User-option data savuk
910 ## - USER-OPTION DATA (OCLC)
User-option data pokpoh
942 ## - ADDED ENTRY ELEMENTS (KOHA)
Source of classification or shelving scheme Dewey Decimal Classification
Koha item type Krásna literatúra pre deti
Suppress in OPAC No
949 ## - LOCAL PROCESSING INFORMATION (OCLC)
6 270001000360898
a svkbbB 44136
b svkbbm 707062
949 ## - LOCAL PROCESSING INFORMATION (OCLC)
6 17A0651035
a snkSC 139566
b snk2010/6210
o 799/10
s 6100:20160112
949 ## - LOCAL PROCESSING INFORMATION (OCLC)
6 17A0651036
a snkSC 139566 D1
b snk2010/6211
o 799/10
949 ## - LOCAL PROCESSING INFORMATION (OCLC)
6 273K0516651
a svkpoB 83632
b svkpo525053
949 ## - LOCAL PROCESSING INFORMATION (OCLC)
6 2889165051
a savukPV 13963
b savuk2010/5834
980 ## - EQUIVALENCE OR CROSS-REFERENCE-SERIES STATEMENT--PERSONAL NAME/TITLE [LOCAL, CANADA]
Personal name 821.162.4-1
980 ## - EQUIVALENCE OR CROSS-REFERENCE-SERIES STATEMENT--PERSONAL NAME/TITLE [LOCAL, CANADA]
Personal name 821-93
Holdings
Stav vyradenia Strata Poškodenie Spôsob nadobudnutia Domovská knižnica Aktuálna knižnica Dátum nadobudnutia Total checkouts Čiarový kód exemplára Date last seen Typ exemplára
      Dar Obecná knižnica Horná Štubňa Obecná knižnica Horná Štubňa 27.02.2026   9788080643669 27.02.2026 Krásna literatúra pre deti
Projekt je podporený Slovenskou asociáciou knižníc
Prevádzkuje Turčianska knižnica Martin 2026